អាលីបាបា និង ក្រុមចោរ / (Record no. 8897)
[ view plain ]
| 000 -LEADER | |
|---|---|
| fixed length control field | 02766nam a22002897a 4500 |
| 001 - CONTROL NUMBER | |
| control field | 8897 |
| 003 - CONTROL NUMBER IDENTIFIER | |
| control field | FISKH |
| 005 - DATE AND TIME OF LATEST TRANSACTION | |
| control field | 20251030104920.0 |
| 008 - FIXED-LENGTH DATA ELEMENTS--GENERAL INFORMATION | |
| fixed length control field | 251030b cb ||||| |||| 00| 0 eng d |
| 020 ## - INTERNATIONAL STANDARD BOOK NUMBER | |
| International Standard Book Number | 0452 |
| 040 ## - CATALOGING SOURCE | |
| Original cataloging agency | FISKH |
| Language of cataloging | khr |
| Transcribing agency | FISKH |
| Modifying agency | FISKH |
| 050 ## - LIBRARY OF CONGRESS CALL NUMBER | |
| Classification number | PZ7 |
| 082 ## - DEWEY DECIMAL CLASSIFICATION NUMBER | |
| Classification number | 398.2 |
| 100 ## - MAIN ENTRY--PERSONAL NAME | |
| Personal name | Anonymous |
| 245 ## - TITLE STATEMENT | |
| Title | អាលីបាបា និង ក្រុមចោរ / |
| Statement of responsibility, etc. | By Anonymous |
| 260 ## - PUBLICATION, DISTRIBUTION, ETC. | |
| Place of publication, distribution, etc. | Phnom Penh : |
| 300 ## - PHYSICAL DESCRIPTION | |
| Extent | 16 pages : |
| Other physical details | color illustrations ; |
| Dimensions | 21 cm . |
| 505 ## - FORMATTED CONTENTS NOTE | |
| Formatted contents note | K <br/> |
| 520 ## - SUMMARY, ETC. | |
| Summary, etc. | អាលីបាបាជាអ្នកក្រនិងកាសុីមជាអ្នកមាន ជាបងប្អូនបង្កើតនឹងគ្នា ។ ថ្ងៃមួយមានអាលីបាបាបានឃើញចោរមួយក្រុមទៅយកមាសពីរូងភ្នំ ។ អាលីបាបាក៏បានធ្វើតាមមេចោរ គាត់ប្រមូលបានមាសមួយបាវ ។ កាសុីមជាមនុស្សលោភដូចនេះគេក៏ធ្វើតាមអាលីបាបា ។ តែអកុសលកាសុីមត្រូវបានចោរសម្លាប់អោយស្លាប់ក្នុងរូងភ្នំ ។ អាលីបាបាក៏លួចយកសពកាសុីមមកធ្វើបុណ្យនៅផ្ទះ ។ ក្រុមចោរខឹងយ៉ាងខ្លាំងក៏មានបំណងមកសម្លាប់អាលីបាបាដល់ផ្ទះ តែដោយចាញ់កលអ្នកបម្រើរបស់អាលីបាបា ចោរទាំងនោះត្រូវស្លាប់ក្រោមកណ្តាប់ដៃអ្នកបម្រើនោះ ។ |
| 520 ## - SUMMARY, ETC. | |
| Summary, etc. | Ali Baba was a poor man, and Kasim, his brother, was a rich man. One day, Ali Baba saw a group of thieves taking gold from a cave. Ali Baba followed what the leader of the thieves did and managed to collect a bag full of gold. Kasim, being a greedy man, decided to do the same as Ali Baba. Unfortunately, Kasim was caught by the thieves and killed inside the cave. Ali Baba secretly brought Kasim’s body home to hold a funeral. The thieves, enraged, planned to come to Ali Baba’s house to kill him. However, because of the cleverness of Ali Baba’s servant, the thieves were defeated and killed by her. |
| 521 8# - TARGET AUDIENCE NOTE | |
| Target audience note | 510 <br/> |
| Source | Lexile estimate <br/> |
| 521 8# - TARGET AUDIENCE NOTE | |
| Target audience note | K <br/> |
| Source | Raz-Plus <br/> |
| 650 ## - SUBJECT ADDED ENTRY--TOPICAL TERM | |
| Topical term or geographic name entry element | អលីបាបានិងក្រុមចោរ |
| Form subdivision | រឿងនិទានកុមារ |
| 650 ## - SUBJECT ADDED ENTRY--TOPICAL TERM | |
| Topical term or geographic name entry element | Alibaba and a group of thieves |
| Form subdivision | Children's Stories |
| 942 ## - ADDED ENTRY ELEMENTS (KOHA) | |
| Source of classification or shelving scheme | Dewey Decimal Classification |
| Koha item type | Khmer Books |
| Suppress in OPAC | No |
| Withdrawn status | Lost status | Source of classification or shelving scheme | Damaged status | Not for loan | Collection | Home library | Current library | Shelving location | Date acquired | Total Checkouts | Full call number | Barcode | Date last seen | Price effective from | Koha item type |
|---|---|---|---|---|---|---|---|---|---|---|---|---|---|---|---|
| Dewey Decimal Classification | Khmer-English Bilingual / ភាសាខ្មែរ-អង់គ្លេស | Footprints International School Library Network Toul Tom Poung Campus | Footprints International School Library Network Toul Tom Poung Campus | TTP Primary Khmer Bookshelves | 10/30/2025 | ANO PZ7 398.2 | 2025-4766 | 10/30/2025 | 10/30/2025 | Khmer Books |
